logo

Bir Sreshtho Munshi Abdur Rouf Library
Jhenaidah Cadet College

দর্শন ও মনোবিদ্যা পরিভাষাকোষ প্রথম খণ্ড / (Record no. 7099)

MARC details
000 -LEADER
fixed length control field 00759nam a2200229 a 4500
001 - CONTROL NUMBER
JCCL Control Number 7099
003 - CONTROL NUMBER IDENTIFIER
JCCL marc code BD-JhCC
005 - DATE AND TIME OF LATEST TRANSACTION
control field 20181118134015.0
008 - FIXED-LENGTH DATA ELEMENTS--GENERAL INFORMATION
fixed length control field 180205s1978 bg |||| || | 000 0 eng d
035 ## - SYSTEM CONTROL NUMBER
system control number (BD-JhCC)7099
040 ## - CATALOGING SOURCE
Original cataloging agency BD-JhCC
Modifying agency BD-JhCC
041 ## - LANGUAGE CODE
Language code of Book eng
082 ## - DEWEY DECIMAL CLASSIFICATION NUMBER
Classification number 100.3
Author mark and Year HAI 1978
100 ## - MAIN ENTRY--PERSONAL NAME
Personal name হাই, সাইয়েদ আবদুল
245 ## - TITLE STATEMENT
Title দর্শন ও মনোবিদ্যা পরিভাষাকোষ প্রথম খণ্ড /
Statement of responsibility, etc সাইয়েদ আবদুল হাই,
260 ## - PUBLICATION, DISTRIBUTION, ETC. (IMPRINT)
Place of publication, distribution, etc ঢাকা :
Name of publisher, distributor, etc বাংলা একাডেমী,
Date of publication, distribution, etc 1978
300 ## - PHYSICAL DESCRIPTION
Pagination 514 p. :
Dimensions 22 cm.
650 ## - SUBJECT ADDED ENTRY--TOPICAL TERM
Topical term or geographic name as entry element Philosophy
General subdivision Dictionaries
650 ## - SUBJECT ADDED ENTRY--TOPICAL TERM
Topical term or geographic name as entry element Psychology
942 ## - ADDED ENTRY ELEMENTS (KOHA)
Source of classification or shelving scheme Dewey Decimal Classification
Koha item type Books
Koha issues (borrowed), all copies 1
Holdings
Source of classification or shelving scheme volume number Damaged status Not for loan Home library Current library Shelving location Date of accession Total Checkouts Full call number Barcode Date last seen Date checked out Copy number Koha item type
Dewey Decimal Classification V-1     JCC Rouf Library JCC Rouf Library General Stacks 02/05/2018 1 100.3 HAI 1978 9040 01/01/2019 11/18/2018 C-1 Books

JCC Library | Contacts | JCC Home

Last Update on 23 September 2017
Copyright @ 2017-2020 JCC Rouf Library
Rouf Library, Jhenidah Cadet College (JCC), Bangladesh